Contratación y arbitraje internacionales /

Guardat en:
Dades bibliogràfiques
Autor corporatiu: Seminario Contratación y Arbitraje Internacionales ( UNAM)
Altres autors: Méndez Silva, Ricardo (coordinación) (coordinación)
Format: Actes de congresos Llibre
Idioma:espanyol
Publicat: México : UNAM, Instituto de Investigaciones Jurídicas, 2010, c2010
Col·lecció:(Doctrina Jurídica ; 523)
Matèries:
Etiquetes: Afegir etiqueta
Sense etiquetes, Sigues el primer a etiquetar aquest registre!

MARC

LEADER 00000nam^a2200000^a^4500
001 000304769
005 20250521000000.0
009 20260526135554.42
020 |a 978-607-02-1199-7 
037 |a Acervo ITESO - Biblioteca 
041 |a ESP 
082 |a 341. 753  |b SEC 2008 
111 |a Seminario Contratación y Arbitraje Internacionales (  |d 2008 :  |c UNAM) 
245 1 0 |a Contratación y arbitraje internacionales /  |c Coord. de R. Méndez Silva. 
264 4 |a México :  |b UNAM, Instituto de Investigaciones Jurídicas,  |c 2010, c2010 
300 |a XIII, 507 p. 
336 |a texto  |b txt  |2 rdacontenido 
337 |a sin mediación  |b n  |2 rdamedio 
338 |a volumen  |b nc  |2 rdasoporte 
440 1 |a (Doctrina Jurídica ;  |v 523) 
546 |a Contiene algunos artículos en francés 
649 |a XX 
650 |a Contratos Internacionales -  |x Congresos -  |x Tema Principal 
650 |a Arbitraje Internacional -  |x Congresos -  |x Tema Principal 
650 |a Comercio Internacional -  |x Aspectos Jurídicos 
650 |a Derecho Comparado 
650 |a Derecho Internacional Público 
650 |a Derecho Mercantil -  |x Congresos 
700 |a Méndez Silva, Ricardo  |e (coordinación) 
910 |a Fondo General 
920 |a Impresos - Libros 
930 |a Colección General 
905 |a 101 
901 |a 0500191016  |b IT1  |c ACC  |i C125052  |u 20250521 
902 |a https://opac.biblio.iteso.mx/vufind/Record/000304769